| 000 | 00695cam a2200229 4500500 | ||
|---|---|---|---|
| 005 | 20260329002951.0 | ||
| 041 | _afre | ||
| 042 | _adc | ||
| 100 | 1 | 0 |
_aEltchaninoff, Michel _eauthor |
| 245 | 0 | 0 | _aLa « civilisation hindoue » va-t-elle s’inviter dans les urnes ? |
| 260 | _c2014. | ||
| 500 | _a49 | ||
| 690 | _aBJP | ||
| 690 | _aÉlections | ||
| 690 | _aHindouïsme | ||
| 690 | _aInde | ||
| 690 | _aMichel Eltchaninoff | ||
| 690 | _aNarendra Modi | ||
| 690 | _aNationalisme | ||
| 786 | 0 | _nPhilosophie magazine | 79 | 5 | 2014-05-01 | p. 12-12 | 1951-1787 | |
| 856 | 4 | 1 | _uhttps://shs.cairn.info/magazine-philosophie-magazine-2014-5-page-12?lang=fr&redirect-ssocas=7080 |
| 999 |
_c1820105 _d1820105 |
||